000 01073nam a22003377a 4500
003 CHAP
005 20220817042529.0
008 971013s1981 r 00010 d
010 _a47351
011 _a48323
035 _a52468
040 _cCHAP
090 _aFolleto 7321
100 0 0 _aRevilla Narváez, Jaime.
_996704
245 _aPreparación de estiércol a partir de orujo de uva
260 _aMadrid :
_bMinisterio de Agricultura,
_c1981
300 _a12 p.
_b: ilus.
490 _aHojas divulgadoras
_v; 14/81
590 _aBATCH-UPD
_b10
_c20130109
_lUCH01
_h2315
590 _aBATCH-UPD
_b10
_c20130110
_lUCH01
_h0942
590 _aBATCH-UPD
_b10
_c20130409
_lUCH01
_h1835
590 _aBATCH-UPD
_b10
_c20130914
_lUCH01
_h1903
590 _aCONVERSION
_b10
_c20130109
_lUCH01
_h1326
650 1 4 _aAbonos.
_9235
650 1 4 _aUva
_xSubproductos.
_9117142
830 0 _aHojas divulgadoras
_v; 14/81
901 _aBK
942 _cFOLL
949 _aFolleto 7321
_bBC
_cFOLL
_d-116876
_eTS1
_i52468
_si
949 _aFolleto 7321
_bBC
_cFOLL
_d-116877
_eTS2
_fc.2
_i52468
_si
999 _c47351
_d47351